UBT Library

Reforming Africa's institutions/ (Record no. 436)

000 -LEADER
fixed length control field 00690nam a22002057a 4500
005 - DATE AND TIME OF LATEST TRANSACTION
control field 20140414032119.0
008 - FIXED-LENGTH DATA ELEMENTS--GENERAL INFORMATION
fixed length control field 021101s2003 ja b i001 0 eng
020 ## - INTERNATIONAL STANDARD BOOK NUMBER
International Standard Book Number 9280810812
024 0# - OTHER STANDARD IDENTIFIER
Terms of availability eng
080 ## - UNIVERSAL DECIMAL CLASSIFICATION NUMBER
Universal Decimal Classification number 911.37
245 00 - TITLE STATEMENT
Title Reforming Africa's institutions/
Statement of responsibility, etc edited by Steve Kayizzi-Mugerwa.
260 ## -
-- Tokyo ;
-- New York :
-- United Nations University Press,
-- 2003.
300 ## -
-- 362 f. ;
-- 23 cm.
504 ## - BIBLIOGRAPHY, ETC. NOTE
Bibliography, etc Includes bibliographical references and index. f. 340-362
650 #0 -
-- Vendbanimet, Gjeografia e vendbanimit
650 #0 -
-- Qytetet
651 #0 -
-- Africa, Sub-Saharan
700 1# -
-- Kayizzi-Mugerwa, Steve.
942 ## - ADDED ENTRY ELEMENTS (KOHA)
Source of classification or shelving scheme
Item type Books
Holdings
Withdrawn status Lost status Source of classification or shelving scheme Damaged status Not for loan Collection code Permanent location Current location Shelving location Date acquired Total Checkouts Full call number Barcode Date last seen Koha item type Price effective from
          Koleksioni i përgjithshem UBT - Ferizaj UBT - Ferizaj Koleksioni i përgjithshem 04/14/2014   911.37 REF 003000281 04/14/2014 Books  
          Koleksioni i përgjithshem UBT - Ferizaj UBT - Ferizaj Koleksioni i përgjithshem 04/14/2014   911.37 REF 003000282 04/14/2014 Books  
          Koleksioni i përgjithshem UBT - Ferizaj UBT - Ferizaj Koleksioni i përgjithshem 04/14/2014   911.37 REF 003000283 04/14/2014 Books  
          Koleksioni i përgjithshem UBT - Ferizaj UBT - Ferizaj Koleksioni i përgjithshem 04/14/2014   911.37 REF 003000284 04/14/2014 Books  
          Koleksioni i përgjithshem UBT - Ferizaj UBT - Ferizaj Koleksioni i përgjithshem 04/14/2014   911.37 REF 003000285 04/14/2014 Books  
          Koleksioni i përgjithshem UBT - Ferizaj UBT - Ferizaj Koleksioni i përgjithshem 04/14/2014   911.37 REF 003000286 04/14/2014 Books  
          Koleksioni i përgjithshem UBT - Ferizaj UBT - Ferizaj Koleksioni i përgjithshem 04/14/2014   911.37 REF 003000287 04/14/2014 Books  
          Koleksioni i përgjithshem UBT - Ferizaj UBT - Ferizaj Koleksioni i përgjithshem 04/14/2014   911.37 REF 003000288 04/14/2014 Books  
          Koleksioni i përgjithshem UBT - Ferizaj UBT - Ferizaj Koleksioni i përgjithshem 04/14/2014   911.37 REF 003000289 04/14/2014 Books  
          Koleksioni i përgjithshem UBT - Ferizaj UBT - Ferizaj Koleksioni i përgjithshem 04/14/2014   911.37 REF 003000290 04/14/2014 Books  
          Koleksioni i përgjithshem UBT - Lipjan UBT - Lipjan Koleksioni i përgjithshem 10/20/2015   911.37 REF 002-008421 10/20/2015 Books 10/20/2015
          Koleksioni i përgjithshem UBT - Lipjan UBT - Lipjan Koleksioni i përgjithshem 10/20/2015   911.37 REF 002-008420 10/20/2015 Books 10/20/2015
UBT Library © 2015-2024. All rights reserved University Education for Business and Technology